Statistics for 中国数字城市

Click here to take the quiz!

General Stats

  • This quiz has been taken 900 times
  • The average score is 12 of 21

Answer Stats

数字上级行政区% Correct
6贵州六盘水
82%
3海南三亚
82%
6安徽六安
81%
10湖北十堰
80%
9江西九江
79%
3福建三明
76%
4吉林四平
75%
100广西百色
73%
2内蒙古锡林格勒盟二连浩特
71%
3河南三门峡
69%
10000重庆万州
67%
7黑龙江七台河
64%
5海南五指山
60%
3海南三沙
55%
10000海南万宁
50%
3河北廊坊市三河
49%
5黑龙江哈尔滨市五常
33%
5黑龙江黑河市五大连池
28%
4广东肇庆市四会
28%
5新疆五家渠
26%
10000四川达州市万源
15%

Score Distribution

Percentile by Number Answered

Percent of People with Each Score

Your Score History

You have not taken this quiz